Statistics for "R" Antonyms

Click here to take the quiz!

General Stats

  • This quiz has been taken 67 times
  • The average score is 14 of 20

Answer Stats

WordR Antonyms% Correct
WrongRight
98%
PoorRich
97%
WalkRun
97%
PoliteRude
93%
UrbanRural
93%
SunnyRainy
91%
FrontRear
90%
SmoothRough
90%
CookedRaw
88%
FakeReal
86%
CommonRare
83%
SidewalkRoad
79%
QuestionReply / Response / Respond
67%
SlowRapid
53%
DictatorshipRepublic
48%
LowerRaise
40%
SafeRisky
33%
WeakRobust
17%
GreenRipe
14%
JoinResign
9%

Score Distribution

Percentile by Number Answered

Percent of People with Each Score

Your Score History

You have not taken this quiz